000 01172nam a22003257a 4500
001 237
003 FISKH
005 20230309104657.0
008 230309b cb ||||| |||| 00| 0 eng d
020 _a9780590418218
040 _aDLC
_cDLC
_dDLC
_dFISKH
_beng
042 _alcac
050 0 0 _aPZ7.H9574
_bCl 1987
082 0 0 _a813.54
_219
100 1 _aHurwitz, Johanna.
245 1 0 _aClass clown /
_cJohanna Hurwitz ; illustrated by Sheila Hamanaka.
260 _aNew York :
_bScholastic
_c1987
300 _a98 p. :
_bill. ;
_c20 cm.
505 _aM
520 _aLucas Cott, the most obstreperous boy in the third grade, finds it very hard to turn over a new leaf when he decides to become the perfect student.
521 8 _a670
_bLexile
521 8 _aM
_bRaz-Plus
650 1 _aSchools
_xFiction.
650 1 _aBehavior
_xFiction.
700 1 _aHamanaka, Sheila,
_eill.
856 4 2 _3Publisher description
_uhttp://www.loc.gov/catdir/description/hc044/86023624.html
856 4 2 _3Contributor biographical information
_uhttp://www.loc.gov/catdir/enhancements/fy1309/86023624-b.html
906 _a7
_bcbc
_corignew
_d1
_eocip
_f19
_gy-gencatlg
942 _2ddc
_cBK
_n0
999 _c237
_d237